¡Viva la Pola! : (Registro nro. 4161)
[ vista simple ]
| 000 -LEADER | |
|---|---|
| fixed length control field | 01125nam a2200277Ia 4500 |
| 003 - CONTROL NUMBER IDENTIFIER | |
| control field | OSt |
| 005 - DATE AND TIME OF LATEST TRANSACTION | |
| control field | 20200930132920.0 |
| 008 - FIXED-LENGTH DATA ELEMENTS--GENERAL INFORMATION | |
| fixed length control field | 191128s2009 ck a grb 000 0 spa d |
| 020 ## - INTERNATIONAL STANDARD BOOK NUMBER | |
| International Standard Book Number | 9789588471310 |
| 040 ## - CATALOGING SOURCE | |
| Original cataloging agency | CO-JMCR |
| Transcribing agency | CO-JMCR |
| 041 0# - LANGUAGE CODE | |
| Language code of text/sound track or separate title | spa |
| 082 04 - DEWEY DECIMAL CLASSIFICATION NUMBER | |
| Classification number | 923.2861 / |
| Item number | R666v |
| Edition number | 23 |
| 100 1# - MAIN ENTRY--PERSONAL NAME | |
| Personal name | Robledo, Beatriz Helena, |
| Relator term | autora |
| 9 (RLIN) | 9479 |
| 245 11 - TITLE STATEMENT | |
| Title | ¡Viva la Pola! : |
| Remainder of title | biografía de Policarpa Salabarrieta / |
| Statement of responsibility, etc. | Beatriz Helena Robledo ; ilustrado por Olga Cuéllar |
| 250 ## - EDITION STATEMENT | |
| Edition statement | Primera edición |
| 260 ## - PUBLICATION, DISTRIBUTION, ETC. | |
| Place of publication, distribution, etc. | Bogotá : |
| Name of publisher, distributor, etc. | Alcaldía Mayor de Bogotá, |
| Date of publication, distribution, etc. | 2009 |
| 300 ## - PHYSICAL DESCRIPTION | |
| Extent | [88] páginas : |
| Other physical details | ilustraciones a blanco y negro ; |
| Dimensions | 17 cm. |
| 490 0# - SERIES STATEMENT | |
| Series statement | Libro al viento |
| 500 ## - GENERAL NOTE | |
| General note | Incluye notas a pie de páginas. |
| 504 ## - BIBLIOGRAPHY, ETC. NOTE | |
| Bibliography, etc. note | Bibliografía: páginas [85-86] |
| 505 0# - FORMATTED CONTENTS NOTE | |
| Formatted contents note | Infancia y adolescencia -- La modista en Santafé -- La insurgente, la espía, la revolucionaria -- Bibliografía |
| 600 1# - SUBJECT ADDED ENTRY--PERSONAL NAME | |
| Personal name | Salavarrieta, Policarpa, |
| Dates associated with a name | 1795-1817 |
| Form subdivision | biografías |
| 9 (RLIN) | 11017 |
| 650 14 - SUBJECT ADDED ENTRY--TOPICAL TERM | |
| Topical term or geographic name entry element | Biografías mujeres en la independencia |
| General subdivision | biografías |
| Geographic subdivision | Colombia |
| 9 (RLIN) | 11018 |
| 700 1# - ADDED ENTRY--PERSONAL NAME | |
| Personal name | Cuéllar, Olga, |
| Relator term | ilustradora |
| 9 (RLIN) | 1085 |
| 942 ## - ADDED ENTRY ELEMENTS (KOHA) | |
| Source of classification or shelving scheme | Dewey Decimal Classification |
| Koha item type | Books |
| Withdrawn status | Lost status | Source of classification or shelving scheme | Damaged status | Not for loan | Collection code | Home library | Current library | Date acquired | Source of acquisition | Total Checkouts | Full call number | Barcode | Date last seen | Date last checked out | Copy number | Koha item type | Price effective from |
|---|---|---|---|---|---|---|---|---|---|---|---|---|---|---|---|---|---|
| Dewey Decimal Classification | Non-fiction | Biblioteca Pública José María del Castillo y Rada | Biblioteca Pública José María del Castillo y Rada | 06/12/2019 | Donación | 1 | 923.2861 / R666v | 201808983 | 02/26/2024 | 02/26/2024 | Ej.1 | Books | |||||
| Dewey Decimal Classification | Non-fiction | Biblioteca Pública José María del Castillo y Rada | Biblioteca Pública José María del Castillo y Rada | 06/12/2019 | Donación | 1 | 923.2861 / R666v | 201811090 | 02/26/2024 | 02/26/2024 | Ej.2 | Books | 10/21/2021 |